| 000 | 00428nam a2200157 i 4500 | ||
|---|---|---|---|
| 001 | 26107 | ||
| 003 | ES-MaACL | ||
| 005 | 20230906153404.0 | ||
| 007 | t| | ||
| 008 | 030107q19001999sp ||||1| spa d | ||
| 100 | 1 |
_aArnold, Mario. _923110 |
|
| 245 | 1 | 3 |
_aLa cruz de hierro _b: novela / _cMario Arnold. |
| 260 |
_aAlbacete : _bGuirado y González, _c[19-?] |
||
| 300 |
_a26 p. ; _c16 cm. |
||
| 852 |
_aES-MaACL _j1676-F-5 _bR.4634 |
||
| 999 |
_c26107 _d26107 |
||